000
00329nam a22001457a 4500
008
210302b ||||| |||| 00| 0 eng d
020
_a
041
_a
eng
080
_a
61
082
_a
61
100
_a
3
101
_a
SHM
245
_a
Pressure Ulcers in Adults Prediction and Prevention
_c
Clinton, J.J
942
_2
udc
_c
BK
999
_c
55517
_d
55517